| 000 | 00921cam a2200289 4500 | ||
|---|---|---|---|
| 001 | A321 | ||
| 008 | 090401t1990 xxu||||| |||| 00| 0 eng d | ||
| 035 | _a(Sirsi) u95364 | ||
| 041 | _aeng | ||
| 110 |
_aRoyal Institution of Chartered Surveyors _94900 |
||
| 245 | 4 | _aThe Crown ownership of coal and associated surface lands in the UK. Briefing paper No 2 | |
| 260 |
_bRICS _c1990 |
||
| 300 | _a7p | ||
| 350 | _a3 | ||
| 490 |
_aRICS Memorandum _vGCPPA/Report(90)19 |
||
| 520 | _aBriefing paper No 2. Considers the future ownership of the coal and minerals other than coal which are presently vested in the British Coal Corporation (British Coal). | ||
| 650 | _aCOAL INDUSTRY | ||
| 650 | _aCOAL | ||
| 650 | _aFUTURE | ||
| 650 | _aMINERAL ASSETS | ||
| 650 | _aOWNERSHIP | ||
| 650 | _aPRIVATISATION | ||
| 650 | _aRICS BRIEFING PAPER | ||
| 690 | _aMINING AND MINERALS | ||
| 942 | _n0 | ||
| 948 | _c04/03/1997 | ||
| 999 |
_c98448 _d98448 |
||